|
|
|
|
| LEADER |
00000ntmaa2200000 a 4500 |
| 001 |
vtls012077529 |
| 003 |
SK-MaSNL |
| 005 |
20260301150712.0 |
| 008 |
230802s1843 xo || 000 1 lat |
| 035 |
|
|
|a urn:nbn:sk:snk-tm00gltq
|
| 035 |
|
|
|a urn:nbn:sk:snk-tm3n4s0
|
| 035 |
|
|
|a C5E2CB97-B2CC-40D8-8ADD-E901D708E45C
|
| 040 |
|
|
|a SNKLA
|b slo
|c SNKLA
|e AACR2
|
| 041 |
0 |
|
|a lat
|
| 044 |
|
|
|a xo
|c SK
|
| 072 |
|
7 |
|a 271/279
|x Kresťanské cirkvi, sekty, denominácie
|2 konspekt
|
| 080 |
|
|
|a 025.171
|2 2011
|
| 080 |
|
|
|a 274/278-722.7
|2 2011
|
| 080 |
|
|
|a 275.4-726.6
|2 2001
|
| 080 |
|
|
|a (0:82-4)
|2 2011
|
| 100 |
1 |
|
|a Hurban, Jozef Miloslav,
|d 1817-1888
|4 aut
|9 93005
|
| 245 |
1 |
0 |
|a Reflexeones de Unione Protestantium Helveticae et Evangelicorum Augustanae Confessioni additorum
|c [Jozef Miloslav Hurban]
|
| 260 |
|
|
|a [Hlboké?]
|c 1843
|
| 300 |
|
|
|a 15 nečíslovaných strán
|b rukopis, voľné listy
|c 21 cm
|
| 500 |
|
|
|a Autor podľa pôvodného spracovania
|
| 500 |
|
|
|a Práca je neúplná, obsahuje časť označenú Fasc. I
|
| 520 |
2 |
|
|a Úvahy o cirkevnej únii evanjelikov a kalvínov
|
| 555 |
0 |
|
|a Inventár rukopisov Literárneho archívu MS V. Archív Slovenského národného múzea. Fondy M 1 - 50. Martin : Matica slovenská 1974
|
| 561 |
|
|
|a Okrúhla pečiatka: Archiv Slovenského národného muzea v Turč. Sv. Martine
|
| 561 |
|
|
|a Okrúhla pečiatka: Matica slovenská Martin Literárny archív
|
| 650 |
0 |
7 |
|a evanjelici
|2 SNKPH
|9 4027
|
| 650 |
0 |
7 |
|a kalvíni
|2 SNKPH
|9 172703
|
| 655 |
|
7 |
|a rukopisy
|2 SNKPH
|9 70548
|
| 655 |
|
7 |
|a úvahy
|2 SNKPH
|9 29403
|
| 852 |
|
|
|a Slovenská národná knižnica
|b Literárny archív
|
| 958 |
|
|
|a MOF
|
| 958 |
|
|
|a LAVD
|
| 999 |
|
|
|c 784342
|d 786272
|
| 952 |
|
|
|a SNKLA
|b SNKLA
|c SNKLA_DEP
|y NEVYP
|7 0
|p 17A1229935
|o snkM 23 N 19
|0 0
|1 0
|4 0
|d 2021-11-15
|f 1
|l 0
|r 2026-02-24 01:15:39
|w 2026-02-24
|